Colóquio de arqueologia do Alqueva (Registo nº 187879)
[ vista simples ]
| 000 -Etiqueta do registo | |
|---|---|
| Valores | 00727nam 22001933 4500 |
| 010 ## - Número ISBN | |
| ISBN | 978-989-98805-7-3 |
| 021 ## - Número do Depósito Legal | |
| Número | 356090/13 |
| 100 ## - Dados gerais de processamento | |
| Dados gerais | 20240227d u||y0pory50 ba |
| 200 ## - Titulo e menção de responsabilidade | |
| Título próprio | Colóquio de arqueologia do Alqueva |
| Informação de outro título | O Plano de Rega (2002-2010) |
| Primeira menção de responsabilidade | Colóquio de Arqueologia do Alqueva. 4º 24, 25 e 26 de Fev. 2010 |
| 210 ## - Publicação | |
| Local de publicação | Beja |
| Nome do editor | EDIA - Empresas de desenvolvimento e infra-estruturas do Alqueva |
| Data de publicação | 2014 |
| 215 ## - Descrição física | |
| Paginação / Volumes | 293 p. |
| Outras indicações físicas | encadernado |
| Dimensões | 28 cm |
| 225 ## - Colecção | |
| Título próprio da colecção | Memórias d'Odiana |
| Informação de outro título | Estudos Arqueológicos do Alqueva |
| Número de parte ou secção | 2ª série |
| 675 ## - CDU | |
| Notação | 902 |
| Edição | PT |
| Língua | por |
| 710 ## - Autor principal (colectividade) | |
| ID Autoridade | 5634 |
| Nome da entidade | Colóquio de Arqueologia do Alqueva, 4º |
| 801 ## - Fonte de origem | |
| País | PT |
| Agência | BMMN |
| Regras de catalogação | RPC |
| 830 ## - Notas gerais do catalogador | |
| Criado por | Fernando |
| Indexado por | Fernando |
| 990 ## - Elementos KOHA | |
| Tipo de documento | Livro |
| Situação do levantamento | Biblioteca de origem | Código de barras | Cota | Permissão de empréstimo | Tipo de documento | Forma de aquisição |
|---|---|---|---|---|---|---|
| Biblioteca Municipal de Montemor-o-Novo | 12233 | 902 COL|LG | Livro | Oferta |